| 000 | 00748nam a2200193 a 4500 | ||
|---|---|---|---|
| 999 |
_c7612 _d7612 |
||
| 003 | OSt | ||
| 005 | 20211227131458.0 | ||
| 008 | A00321s1972 sp 000 spa | ||
| 016 | _aDL M15960-1974 | ||
| 040 |
_bcat _cCDMR |
||
| 100 |
_aMaíllo, Adolfo _94807 |
||
| 245 | 1 | 0 |
_aEl héroe y el antihéroe en la prensa infantil y juvenil: [V curso para la obtención del diploma en publicaciones infantiles y juveniles, Madrid 12 febrero-8 marzo 1973] / _cpor Adolfo Maíllo |
| 260 |
_aMadrid : _bPublicaciones de la Secretaría de la Escuela de Periodismo, _c1974 |
||
| 300 |
_a[3] pàgines _c; 22 cm |
||
| 650 | 0 | 0 |
_aRevistes infantils _94166 |
| 650 | 0 | 0 |
_aRevistes juvenils _94803 |
| 710 | 2 |
_aEscuela Oficial de Periodismo _92816 |
|
| 942 |
_2udc _cFULLET |
||